Polymer supported reactions in organic synthesis (Record no. 38083)

MARC details
000 -LEADER
fixed length control field 00347nam a2200133Ia 4500
082 ## - DEWEY DECIMAL CLASSIFICATION NUMBER
Classification number 028.2875
Item number HOD
245 #0 - TITLE STATEMENT
Title Polymer supported reactions in organic synthesis
260 ## - PUBLICATION, DISTRIBUTION, ETC. (IMPRINT)
Place of publication New York
Name of publisher John Wiley
Year of publication 1980
650 ## - SUBJECT ADDED ENTRY--TOPICAL TERM
Topical Term Polymerization
700 ## - ADDED ENTRY--PERSONAL NAME
Personal name D C
700 ## - ADDED ENTRY--PERSONAL NAME
Personal name Sherrington, P
942 ## - ADDED ENTRY ELEMENTS (KOHA)
Koha item type Books
Holdings
Withdrawn status Lost status Damaged status Not for loan Home library Current library Date acquired Cost, normal purchase price Full call number Accession Number Koha item type
        RRII Library RRII Library 16/12/2021 99.95 028.2875 HOD 18450 Books